Cases in financial management

This casebook provides real-world applications addressing the financial decisions that manager's face at entrepreneurial and mid-size companies.

Đã lưu trong:
書目詳細資料
主要作者: Stretcher, Robert
格式: 圖書
語言:Undetermined
出版: New Jersey Prentice Hall 2005
主題:
標簽: 添加標簽
沒有標簽, 成為第一個標記此記錄!
Thư viện lưu trữ: Trung tâm Học liệu Trường Đại học Cần Thơ
LEADER 00773nam a2200229Ia 4500
001 CTU_100629
008 210402s9999 xx 000 0 und d
020 |c 530000 
082 |a 658.15 
082 |b S914 
100 |a Stretcher, Robert 
245 0 |a Cases in financial management 
245 0 |c Robert Stretcher, Timothy B. Michael 
260 |a New Jersey 
260 |b Prentice Hall 
260 |c 2005 
520 |a This casebook provides real-world applications addressing the financial decisions that manager's face at entrepreneurial and mid-size companies. 
650 |a Business enterprises,Corporations 
650 |x Finance,Finance,Case studies 
650 |y Case studies 
904 |i Hiếu 
980 |a Trung tâm Học liệu Trường Đại học Cần Thơ